Státy podle emotikonů #3 svět - Statistics

General Stats
  • This quiz has been taken 409 times
  • The average score is 8 of 17
Answer Stats
Nápověda Stát % Correct
𓀿🐪🤿 Egypt
93%
🏒🥶🍁 Kanada
89%
🍔🗽🏈 USA
88%
🏄‍♀️🕷🐨 Australie
82%
🌮🌶🍹 Mexiko
79%
⚽️👙☕️ Brazílie
52%
🥝🐑🏉 Nový Zéland
52%
🦙🌵⛰ Peru
51%
🚬🥥🛷 Jamajka
49%
🍃🚬🥃 Kuba
40%
🌞🐧💃🏻 Argentina
35%
🦓🦛🦒 Madagaskar
25%
🐘🌊🇫🇷 Pobřeží slonoviny
21%
⛰🐧🗿 Chile
16%
🔱🏖🐢 Barbados
13%
💎🎗🏏 Jihoafrická republika
11%
💰📉📺 Venezuela
4%
No matching quizzes found
Score Distribution
Percent of People with Each Score
Percentile by Number Answered
Your Score History
You have not taken this quiz